Dema : (Record no. 5386)
[ view plain ]
| 000 -LEADER | |
|---|---|
| fixed length control field | 00356cam a2200133 4500 |
| 001 - CONTROL NUMBER | |
| control field | 6391 |
| 010 ## - LIBRARY OF CONGRESS CONTROL NUMBER | |
| LC control number | 2005385965 |
| 020 ## - INTERNATIONAL STANDARD BOOK NUMBER | |
| International Standard Book Number | 9789993673316 |
| 100 0# - MAIN ENTRY--PERSONAL NAME | |
| Personal name | Wangmo, Chador. |
| Dates associated with a name | |
| 245 14 - TITLE STATEMENT | |
| Title | Dema : |
| Remainder of title | mystery of the missing egg / |
| Statement of responsibility, etc. | Chador Wangmo. |
| 260 ## - PUBLICATION, DISTRIBUTION, ETC. | |
| Place of publication, distribution, etc. | Thimphu : |
| Name of publisher, distributor, etc. | Miza Books, |
| Date of publication, distribution, etc. | 2017. |
| 300 ## - PHYSICAL DESCRIPTION | |
| Extent | 101 p. ; |
| Dimensions | 22 cm. |
| 651 ## - SUBJECT ADDED ENTRY--GEOGRAPHIC NAME | |
| Geographic name | Bhutan -- Fiction. |
| Form subdivision | |
| General subdivision | |
| Chronological subdivision | |
| Geographic subdivision | |
| Source of heading or term | |
| Withdrawn status | Lost status | Source of classification or shelving scheme | Damaged status | Not for loan | Collection code | Home library | Current library | Shelving location | Date acquired | Serial Enumeration / chronology | Inventory number | Total Checkouts | Full call number | Barcode | Date last seen | Date last checked out | Price effective from | Koha item type |
|---|---|---|---|---|---|---|---|---|---|---|---|---|---|---|---|---|---|---|
| Dewey Decimal Classification | Main TEST | RTC Library | RTC Library | Main opac | 27/11/2018 | 10090 | 5 | 895.1 WAN | 30010077 | 21/09/2020 | 25/08/2020 | 27/11/2018 | Main |